Engineering Entrepreneurship from idea to Business plan (Record no. 351993)

000 -LEADER
fixed length control field 00591nam a22001817a 4500
003 - CONTROL NUMBER IDENTIFIER
control field OSt
005 - DATE AND TIME OF LATEST TRANSACTION
control field 20180116183104.0
008 - FIXED-LENGTH DATA ELEMENTS--GENERAL INFORMATION
fixed length control field 170727b xxu||||| |||| 00| 0 eng d
020 ## - INTERNATIONAL STANDARD BOOK NUMBER
International Standard Book Number 9781107651647
040 ## - CATALOGING SOURCE
Transcribing agency 0
082 ## - DEWEY DECIMAL CLASSIFICATION NUMBER
Classification number 620.00681 SWA 2016
100 ## - MAIN ENTRY--PERSONAL NAME
Personal name Paul SwamiDass
245 ## - TITLE STATEMENT
Title Engineering Entrepreneurship from idea to Business plan
Remainder of title A Guide for innovative engineers and scientists
Statement of responsibility, etc. Paul SwamiDass
260 ## - PUBLICATION, DISTRIBUTION, ETC.
Place of publication, distribution, etc. New York
Name of publisher, distributor, etc. Cambridge University Press
Date of publication, distribution, etc. 2016
300 ## - PHYSICAL DESCRIPTION
Extent 241p.
Other physical details pb
440 ## - SERIES STATEMENT/ADDED ENTRY--TITLE
Title Engineering Entrepreneurship from idea to Business plan
942 ## - ADDED ENTRY ELEMENTS (KOHA)
Source of classification or shelving scheme
Koha item type Book
Holdings
Withdrawn status Lost status Source of classification or shelving scheme Damaged status Not for loan Collection code Permanent Location Current Location Shelving location Date acquired Total Checkouts Total Renewals Full call number Barcode Date last seen Date last checked out Price effective from Koha item type
            Central Library (CL) Central Library (CL) General Stacks 07/27/2017 1 3 620.00681 SWA 2016 NBS10305 02/08/2025 03/04/2024 07/27/2017 Book
© 2023 Central Library, National University of Sciences and Technology. All Rights Reserved.